000 01318cam a22004094a 4500
999 _c200429517
_d47441
001 200429517
003 TR-AnTOB
005 20240429151819.0
007 ta
008 051015s2007 njuad 001 0 eng d
010 _a 2005055467
020 _a0132281740
035 _a(OCoLC)ocm62118456
040 _aDLC
_beng
_erda
_cDLC
_dYDX
_dBAKER
_dDLC
_dTR-AnTOB
041 0 _aeng
042 _apcc
043 _an-us---
050 0 0 _aHB615
_b.L265 2007
090 _aHB615
_b.L265 2007
100 1 _aLambing, Peggy A.
_eauthor
_9119852
245 1 0 _aEntrepreneurship /
_cPeggy A. Lambing, Charles R. Kuehl.
250 _aFourth edition
264 1 _aUpper Saddle River, N.J. :
_bPearson Prentice Hall,
_c2007.
264 4 _c©2007
300 _axvii, 316 pages :
_billustrations, graphics, charts ;
_c26 cm +
_e1 CD-ROM (4 3/4 in.).
336 _atext
_btxt
_2rdacontent
337 _aunmediated
_bn
_2rdamedia
338 _avolume
_bnc
_2rdacarrier
590 _aDonated by Demet Varoğlu
650 7 _9116142
_aGirişimcilik
_zAmerika Birleşik Devletleri
_2etuturkob
650 0 _923297
_aEntrepreneurship
_zUnited States
650 0 _aEntrepreneurship
_91527
650 7 _aGirişimcilik
_2etuturkob
_96683
700 1 _aKuehl, Charles R.
_eauthor
_9119853
942 _2lcc
_cMX